000 nam a22 7a 4500
999 _c10629
_d10629
008 180220b ||||| |||| 00| 0 eng d
100 _aWadhwan,Y.etal.
_96517
245 _aNew Exploring Computers-1
260 _aNew Delhi
_bRachna Sagar
_c2006